01134naa a22002537a 4500001001000000003000900010005001700019007000300036008003400039040005400073041000900127072002000136100001800156100002100174245024700195260003800442500014200480650003300622650002000655650001400675650002700689650002500716773013900741BR8205661BR-BrBNA20240918175202.0ta230509b bl.||||| |||| 00| 0 por d aBR-BrBNAbporcBiblioteca Nacional de Agricultura a(Pt) aL10b6100bG5141 aSchmidt, G.S.1 aCustodio, R.W.S.1 aEfeito do tempo de estocagem, fumigacao dos ovos e diferencas entre populacoes, matrizes e avos no resultado de uma incubacao (experimento 1)[melhoramento genetico animal, frango de corte, inseminacao artificial, banco de germoplasma, Brasil]3 aPiracicaba, SP (Brasil): c1982.  aRelatorio cientifico da Escola Superior de Agricultura Luiz de Queiroz. 1981 Piracicaba, SP (Brasil): 1982. p. 207-213 (BR8205661-AM)L10  aMELHORAMENTO GENETICO ANIMAL aFRANGO DE CORTE aINCUBACAO aINSEMINACAO ARTIFICIAL aBANCO DE GERMOPLASMA0 tRelatorio cientifico da Escola Superior de Agricultura Luiz de Queiroz. 1981wL10 BR8205661gPiracicaba, SP (Brasil), 1982. p. 207-213